000 03935cam a22003491i 4500
003 SA-RiAUC
005 20251117125213.0
008 251115s1995 ua g b f001 0bara c
040 _aEG-CaDAJ
_bara
_cSA-RiAUC
_dSA-RiKAPL
_erda
082 0 4 _a239.4
_qSA-RiAUC
090 _a239.4
_bا ب ن ع
100 1 _aابن عبد البر، يوسف بن عبد الله بن محمد،
_d368-463 هجري
_eمؤلف.
245 1 2 _aالدرر في اختصار المغازي والسير /
_cيوسف بن عبد الله بن عبد البر ؛ تحقيق شوقي ضيف.
264 1 _aالقاهرة :
_bالمجلس الأعلى للشؤون الإسلامية :
_bدار التعاون للطباعة،
_c1995
300 _a351 صفحة ؛
_c27 × 20 سم
336 _aنص
_btxt
_2rdacontent
_3كتاب
337 _aبدون وسيط
_bn
_2rdamedia
338 _aمجلد
_bnc
_2rdacarrier
500 _aكشافات : صفحة 291-341.
504 _aيشتمل على إرجاعات ببليوجرافية.
600 0 7 _aمحمد (صلى الله عليه وسلم)،
_d53 قبل الهجرة-11 هجري
_2aucnm
650 7 _aغزوات النبي
_2aucsh
650 7 _aالسيرة النبوية
_2aucsh
700 1 _aضيف، شوقي،
_d1910-2005
_eمحقق.
700 1 2 _iتحقيق لـ (عمل) :
_aابن عبد البر، يوسف بن عبد الله بن محمد،
_d368-463 هجري.
_tالدرر في اختصار المغازي والسير
856 _uhttp://www.alwaraq.net/Core/waraq/coverpage?bookid=314&option=1
_yExternal Link
_2 نرجو الانتباه لإمكانية وجود اختلاف في الطبعة أو الناشر بين البيانات على البوابة وما ستجده على الكتاب نظرا لمحدودية المعلومات المتاحة على الموقع الناشر للمادة.
_3Please note that there may be a difference in the edition or publisher between the data on the portal and the book due to the limited information available on the publisher website for the material.
856 _uhttp://www.alwaraq.net/Core/AlwaraqSrv/bookpage?book=314&option=1&fkey=2&page=1
_yDigital Copy
_2 نرجو الانتباه لإمكانية وجود اختلاف في الطبعة أو الناشر بين البيانات على البوابة وما ستجده على الكتاب نظرا لمحدودية المعلومات المتاحة على الموقع الناشر للمادة.
_3Please note that there may be a difference in the edition or publisher between the data on the portal and the book due to the limited information available on the publisher website for the material.
856 _uhttp://www.alwaraq.net/Core/waraq/coverpage?bookid=314&.option=1
_yExternal Link
_2 نرجو الانتباه لإمكانية وجود اختلاف في الطبعة أو الناشر بين البيانات على البوابة وما ستجده على الكتاب نظرا لمحدودية المعلومات المتاحة على الموقع الناشر للمادة.
_3Please note that there may be a difference in the edition or publisher between the data on the portal and the book due to the limited information available on the publisher website for the material.
856 _uhttp://www.alwaraq.net/Core/AlwaraqSrv/bookpage?book=314&.option=1&fkey=2&page=1
_yDigital Copy
_2 نرجو الانتباه لإمكانية وجود اختلاف في الطبعة أو الناشر بين البيانات على البوابة وما ستجده على الكتاب نظرا لمحدودية المعلومات المتاحة على الموقع الناشر للمادة.
_3Please note that there may be a difference in the edition or publisher between the data on the portal and the book due to the limited information available on the publisher website for the material.
942 _2ddc
_cBOOK
_n0
949 _aSA-JeALM
_d251115
_umohamedma123
_n1
999 _c13307
_d13307